<?xml version="1.0" encoding="UTF-8"?>
<marc:record xmlns:marc="http://www.loc.gov/MARC21/slim">
   <marc:leader>00000nam a2200000 a 4500</marc:leader>
   <marc:datafield ind1="1" ind2=" " tag="100">
      <marc:subfield code="a">Agostino &lt;da Latisana&gt;</marc:subfield>
   </marc:datafield>
   <marc:datafield ind1="1" ind2=" " tag="100">
      <marc:subfield code="a">Alexius &lt;Constantiensis&gt;</marc:subfield>
   </marc:datafield>
   <marc:datafield ind1="1" ind2=" " tag="100">
      <marc:subfield code="a">Fidelis &lt;Niccaro-Rottenburgensis&gt;</marc:subfield>
   </marc:datafield>
   <marc:datafield ind1="1" ind2=" " tag="100">
      <marc:subfield code="a">Remy, Johann Jakob</marc:subfield>
   </marc:datafield>
   <marc:datafield ind1="1" ind2=" " tag="100">
      <marc:subfield code="a">Schußmann, Melchior</marc:subfield>
   </marc:datafield>
   <marc:datafield ind1="0" ind2="0" tag="245">
      <marc:subfield code="a">Neun und sibentzig Predigen über das fünffte Haupt-Stuck deß Catechismi ersten Theils wie das Böse zu meyden</marc:subfield>
   </marc:datafield>
   <marc:datafield ind1=" " ind2="1" tag="264">
      <marc:subfield code="a">München</marc:subfield>
      <marc:subfield code="b">Remy</marc:subfield>
      <marc:subfield code="c">1711</marc:subfield>
   </marc:datafield>
   <marc:datafield ind1="1" ind2=" " tag="520">
      <marc:subfield code="a">Vermerk vorderer Spiegel: Fr. Romualdus C., Vermerk am Titelbl.: Loci Capucinorum Scheibbsii, Stempel am Frontispiz und Titelbl.: Bibliothek der P.P. Kapuziner Scheibbs; Frontispiz (Kupferstich) http://zentralbibliothek.kapuziner.at/kupferstiche/provinzbibliothek/provinzbibliothek_3189.jpg, Zierinitialen, Verzierungen und Zierholzschnitte im Text; weißer Pergamenteinband auf Buchdeckeln aus Pappe, Buchrücken mit Titelschild "R. P. Luciani || Capucini || Conciones. || Tomus 3tius." und Signaturschild "D".</marc:subfield>
   </marc:datafield>
   <marc:datafield ind1=" " ind2=" " tag="041">
      <marc:subfield code="a">ger</marc:subfield>
   </marc:datafield>
   <marc:datafield ind1=" " ind2=" " tag="500">
      <marc:subfield code="a">Titelbl. in Rot- und Schwarzdr. - Bibliogr. Nachweis: VD18 80479219-001</marc:subfield>
   </marc:datafield>
   <marc:datafield ind1="0" ind2=" " tag="490">
      <marc:subfield code="v">3.</marc:subfield>
   </marc:datafield>
   <marc:datafield ind1=" " ind2=" " tag="300">
      <marc:subfield code="a">[16] Bl., 1464 S., [51] Bl. : Ill.</marc:subfield>
   </marc:datafield>
</marc:record>
